[Event "RUS-Cup04"]
[Site "Samara"]
[Date "2002.07.31"]
[Round "6"]
[White "Melkozerov, Dmitry"]
[Black "Kurganov, Dmitry"]
[Result "1-0"]
[WhiteElo "2364"]
[BlackElo "2106"]
[PlyCount "79"]
[EventDate "2002.07.26"]
[EventType "swiss"]
[EventRounds "9"]
[EventCountry "RUS"]
[SourceTitle "CBM 089 Extra"]
[Source "ChessBase"]
[SourceDate "2002.09.10"]
[SourceVersion "2"]
[SourceVersionDate "2002.09.10"]
[SourceQuality "1"]

1. Nf3 Nf6 2. c4 g6 3. Nc3 Bg7 4. e4 d6 5. d4 0-0 6. Be2 e5 7. 0-0 Nc6 8. d5 Ne7 9. b4 a5 10. bxa5 Rxa5 11. Nd2 Nd7 12. Nb3 Ra8 13. a4 f5 14. a5 Nf6 15. f3 f4 16. c5 Ne8 17. Ba3 Rf6 18. Nb5 g5 19. Qc2 Bd7 20. Rfc1 Nc8 21. cxd6 c6 22. dxc6 bxc6 23. Nc5 Ncxd6 24. Nxd6 Nxd6 25. a6 Be8 26. Rab1 Nb5 27. Rd1 Nd4 28. Qa2+ Kh8 29. Rb7 Rd6 30. Rxd4 exd4 31. Bb2 Qf6 32. a7 Rdd8 33. Bc4 g4 34. Ne6 Rd7 35. Rb8 Rdxa7 36. Qxa7 Rxa7 37. Rxe8+ Bf8 38. Rxf8+ Qxf8 39. Bxd4+ Kg8 40. Nxf8+ 1-0